书目信息 |
| 题名: |
7次阅读学习法
|
|
| 作者: | 山口真由 著 ;魏海波 译 | |
| 分册: | ||
| 出版信息: | 上海 上海远东出版社 2017 |
|
| 页数: | 22,146页 | |
| 开本: | 21cm | |
| 丛书名: | 走进日本 | |
| 单 册: | ||
| 中图分类: | G642.46 | |
| 科图分类: | ||
| 主题词: | 大学生--da xue sheng--学习方法 | |
| 电子资源: | ||
| ISBN: | 978-7-5476-1243-9 | |
| 000 | 02290nam0 22003131 450 | |
| 001 | 1754534121 | |
| 005 | 20170516112211.0 | |
| 010 | @a978-7-5476-1243-9@dCNY28.00 | |
| 100 | @a20170320d2017 em y0chiy50 ea | |
| 101 | 1 | @achi@cjpn |
| 102 | @aCN@b310000 | |
| 105 | @ay z 000yy | |
| 106 | @ar | |
| 200 | 1 | @a7次阅读学习法@97ci yue du xue xi fa@e东京大学高材生的制胜法宝@f(日)山口真由著@g魏海波译 |
| 210 | @a上海@c上海远东出版社@d2017 | |
| 215 | @a22,146页@d21cm | |
| 225 | 2 | @a走进日本@9zou jin ri ben@f雪晓通主编 |
| 305 | @a本书中文简体字版由株式会社PHP研究所授权上海远东出版社独家出版 | |
| 314 | @a山口真由,女,(1983-),生于日本北海道札幌市。高中就读于筑波大学附属高等学校,2002年考入东京大学法学系。大学三年级通过了司法考试,第二年又通过了国家公务员考试。除了学习成绩优异以外,还担任东京大学运动会男子曲棍球俱乐部经理。2009年成为律师。现在主要负责企业法务相关工作,业余时间参加电视节目和写书。著有《天才是指那些掌握一定方法,并且能够持续努力的人》。 | |
| 314 | @a魏海波,1982年毕业于华东师范大学历史系1991年毕业于日本国立一桥大学研究生院。曾先后就职于上海社会科学院法学研究所、日本三菱综合研究所。1996年回国创业,在上海、南京、常州、无锡、苏州、南通、杭州等地创办朝日日语学校,培训学员数万人。现为大成律师事务所上海分所合伙人,在公司经营管理、股份制改造、公司股份纠纷、公司项资本并购、公司诉讼等领域积累了丰富的经验,担任多家企事业单位的常年法律顾问。业余时间从事日本医学养生类书籍翻译,已出版多种译著。 | |
| 330 | @a东京大学毕业的精英们都是用怎样的学习方法呢?是因为与一般人头脑构造不同,还是努力的程度不同,还是有特别的记忆方法……东京大学法学部毕业的首席律师,拥有公务员、电视评论员等经历,告诉你她是如何学习的。本书作者认为学习绝不是一件轻松的事。学习知识,然后转化为自己的东西,努力是必不可缺的。学习这个事非常普通,有时枯燥,更多的时候又伴随着痛苦。在这样的情况下,找到适合自己的学习方法非常关键。确立了正确的学习法,获取知识就变得轻松很多。本书详细介绍谁都能尝试的“一本书阅读7次”的学习法。 | |
| 461 | 0 | @12001 @a走进日本 |
| 517 | 1 | @a东京大学高材生的制胜法宝@9dong jing da xue gao cai sheng de zhi sheng fa bao |
| 606 | 0 | @a大学生@9da xue sheng@x学习方法 |
| 690 | @aG642.46@v5 | |
| 701 | 0 | @c(日)@a山口真由@9shan kou zhen you@f(1983-)@4著 |
| 702 | 0 | @a魏海波@9wei hai bo@4译 |
| 801 | 0 | @aCN@b百万庄@c20170513 |
| 905 | @b1006242-7@dG642.46@e853@f6 | |
| 7次阅读学习法:东京大学高材生的制胜法宝/(日)山口真由著/魏海波译.-上海:上海远东出版社,2017 |
| 22,146页;21cm.-(走进日本/雪晓通主编) |
| ISBN 978-7-5476-1243-9:CNY28.00 |
| 东京大学毕业的精英们都是用怎样的学习方法呢?是因为与一般人头脑构造不同,还是努力的程度不同,还是有特别的记忆方法……东京大学法学部毕业的首席律师,拥有公务员、电视评论员等经历,告诉你她是如何学习的。本书作者认为学习绝不是一件轻松的事。学习知识,然后转化为自己的东西,努力是必不可缺的。学习这个事非常普通,有时枯燥,更多的时候又伴随着痛苦。在这样的情况下,找到适合自己的学习方法非常关键。确立了正确的学习法,获取知识就变得轻松很多。本书详细介绍谁都能尝试的“一本书阅读7次”的学习法。 |
| ● |
| 相关链接 |
|
|
|
|
正题名:7次阅读学习法
索取号:G642.46/853
 
预约/预借
| 序号 | 登录号 | 条形码 | 馆藏地/架位号 | 状态 | 备注 |
| 1 | 1006242 | 210062420 | 第一样本阅览室/ [索取号:G642.46/853] | 在馆 | |
| 2 | 1006243 | 210062439 | 教育系资料室/ [索取号:G642.46/853] | 在馆 | |
| 3 | 1006244 | 210062448 | 教育系资料室/ [索取号:G642.46/853] | 在馆 | |
| 4 | 1006245 | 210062457 | 教育系资料室/ [索取号:G642.46/853] | 在馆 | |
| 5 | 1006246 | 210062466 | 第四借阅区/ [索取号:G642.46/853] | 在馆 | |
| 6 | 1006247 | 210062475 | 第四借阅区/ [索取号:G642.46/853] | 在馆 |